000 01967nam0a2200373 4500
001 RU\NLR\BIBL_A\022683723
005 20260209143800.0
035 _a(NLR Aleph) 022683723
090 _a13502375
_c13502375
100 _a20251209d1898 u y0rusy50 ca
101 0 _arus
102 _aRU
105 _ay z 000yy
135 _acrcn 024anaba
200 1 _aМатериалы по этнографии киргиз Тургайской области
_eСказки, былины, легенды, предания, басни и анекдоты
_eПрил. к «Тургайской Газете» за 1898 г
210 _aОренбург
_cТипо-лит. П. Н. Жаринова
_d1898
215 _a[VII], 80 с.
_d24 см.
325 _aКопия доступна в Электрон. б-ке РНБ
422 0 _1001RU\NLR\DRGNLR\5097
_12001#$aТургайская газета
_910646057
_cОренбург
_d1895 - 1910
_fРед. В.Иванов
_oПолит.-лит.-обществ. [Неофиц. часть "Тург. обл. ведомостей"]
_tТургайская газета
540 1 _aМатериалы по этнографии киргизов Тургайской области
702 1 _aЖаринов
_bП. Н.
_4650
852 _aNLR
_j1-Р/1-429
856 0 _uhttps://vivaldi.nlr.ru/pn000390459/view
856 1 _uhttps://vivaldi.nlr.ru/pn000390459/cover
856 2 _uhttps://vivaldi.nlr.ru/pn000390459/text
942 _cBOOK
980 _aDRG
980 _aNB
981 2 7 _a(27) Периодические издания
_b(27) Газеты
981 2 2 _a(22) Материалы по истории России
_b(22) Описание отдельных народов
981 2 2 _a(22) Материалы по истории России
_b(22) Материалы по отдельным регионам